00765nam a2200229 a 4500001000900000005001700009008004100026020001500067040001800082050002200100245005600122260003900178300004200217500004500259504003200304650003800336700002400374740001000398942001100408999001300419952010300432BRCA_87820190320203205.0870303s1987 nyua---##b---#001-0#eng-d a0345345762 aDLCcDLCdDLC 4aNK7106b.H57 198710aThe History of Silverceditor general Claude Blair. aNueva YorkbBallantine Booksc1987 a256 p.bil. (algunas a color)c30 cm. aIncluye índice alfabético y glosario aBibliografía : p. 243-24514aTrabajos en plataxHistoria929271 aBlair, Claude929280 aPlata 2lcccB c773d773 00104070aBRCAbBRCAd2008-06-26l0oNK7106 .H57 1987p01352r2019-03-22 00:00:00w2019-03-22yB